Applications of laser plasma interactions (Record no. 68023)
[ view plain ]
| 000 -LEADER | |
|---|---|
| fixed length control field | 00831 2200229 4500 |
| 005 - DATE AND TIME OF LATEST TRANSACTION | |
| control field | 2012041603403.0 |
| 008 - FIXED-LENGTH DATA ELEMENTS--GENERAL INFORMATION | |
| fixed length control field | 120416t xxu||||| |||| 00| 0 eng d |
| 080 ## - UNIVERSAL DECIMAL CLASSIFICATION NUMBER | |
| Universal Decimal Classification number | 535.374 |
| Item number | ELI |
| 100 ## - MAIN ENTRY--PERSONAL NAME | |
| Personal name | Eliezer, Shalom., ed. |
| Role | ed.by |
| 245 ## - TITLE STATEMENT | |
| Title | Applications of laser plasma interactions |
| Statement of responsibility, etc | ed.by Shalom Eliezer, Kunioki Mima |
| 300 ## - PHYSICAL DESCRIPTION | |
| Extent | xvii, 282p. |
| 490 ## - SERIES STATEMENT | |
| Series statement | (series in plasma physics) |
| 653 ## - INDEX TERM--UNCONTROLLED | |
| Uncontrolled term | High power lasers - industrial applications |
| 653 ## - INDEX TERM--UNCONTROLLED | |
| Uncontrolled term | X-ray lasers |
| 653 ## - INDEX TERM--UNCONTROLLED | |
| Uncontrolled term | Laser-plasma interactions |
| 653 ## - INDEX TERM--UNCONTROLLED | |
| Uncontrolled term | Laser fusion |
| 700 ## - ADDED ENTRY--PERSONAL NAME | |
| Personal name | Mima, Kunioki., ed.by |
| 942 ## - ADDED ENTRY ELEMENTS (KOHA) | |
| item type | Books |
| 260 ## - PUBLICATION, DISTRIBUTION, ETC. (IMPRINT) | |
| Place of publication, distribution, etc | Boca ration |
| Name of publisher, distributor, etc | CRC Press |
| Date of publication, distribution, etc | 2009 |
| 020 ## - INTERNATIONAL STANDARD BOOK NUMBER | |
| International Standard Book Number | 9780849376047 |
| 260 ## - PUBLICATION, DISTRIBUTION, ETC. (IMPRINT) | |
| -- | 13771 |
| Lost status | Source of classification or shelving scheme | Not for loan | Home library | Current library | Shelving location | Date acquired | Cost, normal purchase price | Total Checkouts | Full call number | Barcode | Date last seen | Date checked out | Cost, replacement price | Price effective from | Koha item type |
|---|---|---|---|---|---|---|---|---|---|---|---|---|---|---|---|
| Universal Decimal Classification | University Library | University Library | General Stacks | 04/06/2011 | 0.00 | 3 | 535.374 ELI | 00066110 | 21/03/2024 | 10/03/2024 | 0.00 | 04/06/2011 | Books |
